Decision making under uncertainty with RISKOptimizer: a step-by-step guide with microsoft excel and palisade's RISKOptimizer software
Đã lưu trong:
| Tác giả chính: | |
|---|---|
| Định dạng: | Sách |
| Ngôn ngữ: | Tiếng Anh |
| Được phát hành: |
Ithaca
Palisade Corporation
2007
|
| Những chủ đề: | |
| Các nhãn: |
Thêm thẻ
Không có thẻ, Là người đầu tiên thẻ bản ghi này!
|
MARC
| LEADER | 00000nam a2200000 a 4500 | ||
|---|---|---|---|
| 001 | UCI9978 | ||
| 003 | CL-VaPUC | ||
| 008 | 081218e20070000US |||||||||||||||||eng|d | ||
| 020 | |a 9781893281011 | ||
| 082 | 0 | 4 | |a 658.403 |b WIN |2 21 |
| 100 | 0 | |a Winston, Wayne L |e author |9 534041 | |
| 245 | 1 | 0 | |a Decision making under uncertainty with RISKOptimizer: a step-by-step guide with microsoft excel and palisade's RISKOptimizer software |
| 300 | |a 244 p | ||
| 942 | |c BK | ||
| 945 | |d 20081218 00:00:00 |a jtorresc | ||
| 260 | |a Ithaca |b Palisade Corporation |c 2007 | ||
| 500 | |a Contiene un Cd-rom | ||
| 650 | 0 | |a Toma de decisiones |9 257530 | |
| 650 | 0 | |a Microsoft excel |9 264149 | |
| 650 | 0 | |a Operaciones administrativas |9 335045 | |
| 650 | 0 | |a Software |9 387312 | |
| 583 | |a last modification |c 20081218 00:00:00 |k Rodrigo Vera | ||
| 999 | |c 332401 |d 332399 | ||
| 952 | |0 0 |1 0 |4 0 |6 658_403000000000000_WIN_2007 |7 0 |8 A |9 420066 |a BIBING |b BIBING |d 2019-11-22 |i 4506987 |o 658.403 WIN 2007 |p 4506987 |r 2025-01-20 |w 2019-11-22 |y BK |k EII | ||